| 000 | 00867nam a2200205 i 4500 | ||
|---|---|---|---|
| 001 | 83034 | ||
| 003 | ES-MaACL | ||
| 005 | 20230906174752.0 | ||
| 007 | t| | ||
| 008 | 041115s1902 sp ||||1| spa d | ||
| 245 | 0 | 0 |
_aInstrucciones para la redacción de los catálogos en las bibliotecas públicas del Estado / _cdictadas por la Junta Facultativa de Archivos, Bibliotecas y Museos. |
| 260 |
_aMadrid : _b[s.n.], _c1902 ( _fTipografía de la Revista de Archivos) |
||
| 300 |
_a152 p. ; _c22 cm. |
||
| 490 | 1 |
_aBiblioteca de la Revista de archivos, bibliotecas y museos ; _v2 |
|
| 650 | 0 | 4 |
_aCatalogación bibliográfica- _xNormas. _910839 |
| 710 | 2 |
_aJunta Facultativa de Archivos, Bibliotecas y Museos (España) _95406 |
|
| 830 | 0 |
_aBiblioteca de la Revista de archivos, bibliotecas y museos ; _v2 _9185621 |
|
| 852 |
_aES-MaACL _jB-3542 |
||
| 999 |
_c83034 _d83034 |
||